000 00894nam a2200277 a 4500
001 70083
003 BD-RjUL
005 20211209081949.0
008 170416s1981 nyu b 001 0 eng d
020 _a0471089176
035 _a(BD-RjUL)70295
040 _aDLC
_cDLC
_dBD-RjUL
_beng
041 _aeng
082 0 0 _a518.282
_223
_bRUS 1981
100 1 _aRubinstein, Reuven Y.
_9207555
245 1 0 _aSimulation and the Monte Carlo method /
_cReuven Y. Rubinstein.
260 _aNew York :
_bWiley,
_cc1981.
300 _axv, 278 p. ;
_c24 cm.
504 _aIncludes bibliographies and index.
650 0 _aMonte Carlo method.
_9207557
650 0 _aDigital computer simulation.
_9119404
830 _aWiley series in probability and mathematical statistics
_9207558
942 _2ddc
_cBK
999 _c70083
_d70083